000 00309nam a22001337a 4500
008 170316b xxu||||| |||| 00| 0 eng d
020 _a9780805353600
041 _aeng
080 _a611
100 _a7
101 _aSHM
245 _aHUMAN ANATOMY PHYSIOLOGY LABORATORY MANUAL
_cMARIEB,E,N
942 _2udc
_cBK
999 _c7948
_d7948